| 000 | 00607nam a2200193 a 4500 | ||
|---|---|---|---|
| 005 | 20230526063523.0 | ||
| 008 | 991125s1910 cue 000 0 spa u | ||
| 035 | _aUPN01000026396 | ||
| 049 | _aLT | ||
| 050 | 4 |
_aLB1633 M6 _bS3.3a 1910 |
|
| 100 | 1 |
_aSalinas, Miguel, _d1858-1938 _929898 |
|
| 245 | 1 | 0 |
_aGramática inductiva : _blibro primero / _cMiguel Salinas. |
| 260 |
_aCuernavaca : _b[s. n.], _c1910. |
||
| 300 | _a228 p. | ||
| 500 | _aDatos tomados de la cubierta | ||
| 500 | _a"Libro para el discípulo" | ||
| 650 | 4 |
_aEspañol _xGramática _xEstudio y enseñanza (Secundaria) _917028 |
|
| 905 | _aLibro | ||
| 999 |
_c26396 _d26396 |
||